Las máscaras: ensayos de crítica teatral Galdos, Benavente, Los Quinteros, Amiches, Villaespesa, Morano

Saved in:
Bibliografiske detaljer
Hovedforfatter: Pérez de Ayala, Ramón (Author)
Format: Bog
Sprog:spansk
Udgivet: Madrid Imprenta Clásica Española 1917
Fag:
Tags: Tilføj Tag
Ingen Tags, Vær først til at tagge denne postø!

MARC

LEADER 00000nam a2200000 a 4500
001 UCX5837
003 CL-VaPUC
008 930121e19170000SP |||||||||||||||||spa|d
082 0 4 |a 862.09  |b PER  |2 21 
100 0 |a Pérez de Ayala, Ramón  |e author  |9 322201 
245 1 4 |a Las máscaras: ensayos de crítica teatral Galdos, Benavente, Los Quinteros, Amiches, Villaespesa, Morano 
300 |a 229 p 
942 |c BK 
945 |d 19930121 00:00:00 
260 |a Madrid  |b Imprenta Clásica Española  |c 1917 
650 7 |a TEATRO ESPAÑOL HISTORIA Y CRITICA  |2 CL-VaPUC  |9 319666 
583 |a last modification  |c 19930121 00:00:00  |k Rodrigo Vera 
999 |c 225995  |d 225993 
952 |0 0  |1 0  |4 0  |6 862_090000000000000_PER_1917  |7 0  |8 A  |9 223988  |a BIBEDU  |b BIBEDU  |d 2019-11-15  |i 2928051  |o 862.09 PER 1917  |p 2928051  |r 2019-11-15  |w 2019-11-15  |y BK  |k LIT